| 000 | 00672nam a2200217 a 4500 | ||
|---|---|---|---|
| 001 | 13666 | ||
| 003 | BD-JhCC | ||
| 005 | 20240313193617.0 | ||
| 008 | 240313b2019 nyu |||| ||a| 001 0 eng d | ||
| 020 | _a 9781847924322 | ||
| 035 | _a(BD-JhCC)13666 | ||
| 040 |
_aBD-JhCC _dBD-JhCC |
||
| 041 | _aenglish | ||
| 082 |
_a800.9 _bARM 2019 |
||
| 100 | _a Armstrong, Karen | ||
| 245 |
_aThe lost art of scripture : _b Rescuing the sacred texts / _cKaren Armstrong. |
||
| 260 |
_aNew York: _b The Bodley Head; _c2019. |
||
| 300 |
_a821 p, : _bill; _c22 cm |
||
| 650 |
_a Criticism, interpretation, etc _xLivres sacrés Histoire et critique _zReligion et culture |
||
| 942 |
_2ddc _cBK |
||
| 999 |
_c13666 _d13666 |
||